<?xml version="1.0" encoding="UTF-8"?>
<record
    xmlns:xsi="http://www.w3.org/2001/XMLSchema-instance"
    xsi:schemaLocation="http://www.loc.gov/MARC21/slim http://www.loc.gov/standards/marcxml/schema/MARC21slim.xsd"
    xmlns="http://www.loc.gov/MARC21/slim">

  <leader>00754nam a2200157   4500</leader>
  <controlfield tag="001">14018</controlfield>
  <controlfield tag="005">20260129124131.0</controlfield>
  <datafield tag="010" ind1=" " ind2=" ">
    <subfield code="a">9782330216856</subfield>
  </datafield>
  <datafield tag="090" ind1=" " ind2=" ">
    <subfield code="a">14018</subfield>
  </datafield>
  <datafield tag="099" ind1=" " ind2=" ">
    <subfield code="o">0</subfield>
  </datafield>
  <datafield tag="100" ind1=" " ind2=" ">
    <subfield code="a">20260129d        u||y0frey50      ba</subfield>
  </datafield>
  <datafield tag="200" ind1=" " ind2=" ">
    <subfield code="a">La r&#xE9;unification des deux cor&#xE9;es</subfield>
    <subfield code="b">LIVR</subfield>
  </datafield>
  <datafield tag="214" ind1=" " ind2=" ">
    <subfield code="c">Actes sud </subfield>
  </datafield>
  <datafield tag="330" ind1=" " ind2=" ">
    <subfield code="a">En une mosa&#xEF;que de vingt instants singuliers, "La R&#xE9;unification des deux Cor&#xE9;es" explore la complexit&#xE9; des liens amoureux. Amants, amis, couples mari&#xE9;s ou adult&#xE8;res, vieilles histoires et relations passag&#xE8;res esquissent un tableau r&#xE9;aliste de ce qui nous attache et nous d&#xE9;chire en m&#xEA;me temps. R&#xE9;el ou ressenti, il n&#x2019;y a pas d&#x2019;amour, il n&#x2019;y a que des manques d&#x2019;amour.</subfield>
  </datafield>
  <datafield tag="610" ind1=" " ind2=" ">
    <subfield code="a">Amour</subfield>
    <subfield code="a">Couple</subfield>
    <subfield code="a">Divorce</subfield>
  </datafield>
  <datafield tag="700" ind1=" " ind2=" ">
    <subfield code="a">Pommerat</subfield>
    <subfield code="b">Jo&#xEB;l</subfield>
  </datafield>
  <datafield tag="995" ind1=" " ind2=" ">
    <subfield code="2">0</subfield>
    <subfield code="5">2026-01-29</subfield>
    <subfield code="9">13911</subfield>
    <subfield code="c">JOL</subfield>
    <subfield code="f">JOL-007719</subfield>
    <subfield code="k">TH POM 20+</subfield>
    <subfield code="o">0</subfield>
    <subfield code="b">JOL</subfield>
    <subfield code="r">LIVR</subfield>
  </datafield>
</record>
